Life of the green plant (Record no. 35411)
[ view plain ]
| 000 -LEADER | |
|---|---|
| fixed length control field | 00556nam a2200217Ia 4500 |
| 082 ## - DEWEY DECIMAL CLASSIFICATION NUMBER | |
| Classification number | 581 |
| Item number | GAL |
| 100 ## - MAIN ENTRY--AUTHOR NAME | |
| Personal name | Galston, Arthur W |
| 245 #0 - TITLE STATEMENT | |
| Title | Life of the green plant |
| 250 ## - EDITION STATEMENT | |
| Edition statement | Ed.3 |
| 260 ## - PUBLICATION, DISTRIBUTION, ETC. (IMPRINT) | |
| Place of publication | New Jersey |
| Name of publisher | Prentice-Hall |
| Year of publication | 1980 |
| 490 ## - SERIES STATEMENT | |
| Series statement | Foundations of modern biology |
| 650 ## - SUBJECT ADDED ENTRY--TOPICAL TERM | |
| Topical Term | Cytology |
| 650 ## - SUBJECT ADDED ENTRY--TOPICAL TERM | |
| Topical Term | Horticultural practice |
| 650 ## - SUBJECT ADDED ENTRY--TOPICAL TERM | |
| Topical Term | Metabolism |
| 650 ## - SUBJECT ADDED ENTRY--TOPICAL TERM | |
| Topical Term | Mineral nutrition |
| 650 ## - SUBJECT ADDED ENTRY--TOPICAL TERM | |
| Topical Term | Photosynthesis |
| 650 ## - SUBJECT ADDED ENTRY--TOPICAL TERM | |
| Topical Term | Phytohormones |
| 650 ## - SUBJECT ADDED ENTRY--TOPICAL TERM | |
| Topical Term | Plant growth |
| 942 ## - ADDED ENTRY ELEMENTS (KOHA) | |
| Koha item type | Books |
| Withdrawn status | Lost status | Damaged status | Not for loan | Home library | Current library | Date acquired | Full call number | Accession Number | Koha item type |
|---|---|---|---|---|---|---|---|---|---|
| RRII Library | RRII Library | 16/12/2021 | 581 GAL | 15836 | Books |